MARC

LEADER 00000nam0a2200000 4500
001 265742
005 20231101233939.0
035 |a (RuTPU)RU\TPU\book\288744 
090 |a 265742 
100 |a 20140630d1985 k y0rusy50 ca 
101 0 |a rus 
102 |a RU 
105 |a a z 001zy 
200 1 |a Повышение надежности электроснабжения химических предприятий  |f А. А. Кустов  |g под ред. А. Л. Церазова 
210 |a Саратов  |c Изд-во Саратовского ун-та  |d 1985 
215 |a 136 с.  |c ил. 
320 |a Библиогр.: с. 130-131. 
606 1 |a Химические заводы  |x Энергоснабжение  |2 stltpush  |3 (RuTPU)RU\TPU\subj\31052  |9 54022 
610 1 |a химические предприятия 
610 1 |a электрическая энергия 
610 1 |a снабжение 
610 1 |a надежность 
610 1 |a повышение 
610 1 |a электроавтоматика 
610 1 |a оптимизация 
610 1 |a электродвигатели 
610 1 |a самозапуск 
610 1 |a подключение 
675 |a 66.013.6  |v 3 
700 1 |a Кустов  |b А. А.  |g Александр Андреевич 
702 1 |a Церазов  |b А. Л.  |4 340 
801 1 |a RU  |b 63413507  |c 20140630 
801 2 |a RU  |b 63413507  |c 20160922  |g RCR 
942 |c BK